LOTR: Bilbo Baggins - Statistics

General Stats
  • This quiz has been taken 65 times
  • The average score is 17 of 25
Answer Stats
Answer % Correct
In the Misty Mountains Bilbo got lost escaping the goblins. Who showed Bilbo the way out (unintentionally)? Gollum
98%
his adopted "nephew" and heir Frodo Baggins
94%
In the forest a spider attacked Bilbo, who had fallen asleep. Bilbo woke up in time to defend himself with his little blade, which he looted from the Trolls. What name did he give his blade after his first kill? Sting
88%
the name of his hobbit hole Bag End
87%
Many years later, Bilbo threw a birthday party before leaving the Shire for good. How old was Bilbo then? Eleventy-one years old
83%
In which village is this estate located. Hobbiton
81%
The company exited the forest on (or inside) barrels floating on the forest river to the Long Lake. in what town did they receive a warm welcome? Lake-Town
81%
How old is Bilbo when he leaves for his quest? 50 years
79%
Now Bilbo and the company had to traverse a mighty forest. What was this forest called? Mirkwood
79%
Back in the Lonely Mountain Bilbo found a gigantic gem, which he kept secret from the Dwarves. What did he find? The Arkenstone
79%
Not long after Bilbo had to be saved again while hiding in a tree, by the Eagles this time. What were Bilbo and the Dwarves running from? Wargs
77%
Smaug wreaked his vengeance on the Men of the Lake. Who killed Smaug with a Black Arrow? Bard
73%
Tom
65%
While travelling through the Trollshaws Bilbo was captured by three trolls. What were their names? Bill (William)
63%
Where was Bilbo, as a former ringbearer, allowed to go at the end of the Third Age? Aman
60%
During his conversation with Smaug, Bilbo mentioned one word which led Smaug to believe the company received help from the Men of the Lake? What did Bilbo call himself? Barrel-rider
60%
When they finally reached the Lonely mountain, Bilbo was elected to enter through the secret door. What did Bilbo bring back from Smaug's hoard? a jewelled cup
56%
his father Bungo Baggins
56%
Bert
52%
his mother Belladonna Took
50%
Bilbo became the oldest Hobbit, surpassing the Old Took. What age did he reach when he left Middle-Earth? 131 years old
46%
The actor who played Bilbo in Peter Jackson's trilogy "The Hobbit" Martin Freeman
46%
his birthday 22 september
40%
The actor who played Bilbo in Peter Jackson's trilogy "The Lord of the Rings" Ian Holm
37%
During the Battle of Five Armies Bilbo was with Thranduil and Gandalf on an outlying hill beneath the Mountain. What was this hill called? Ravenhill
35%
No matching quizzes found
Score Distribution
Percent of People with Each Score
Percentile by Number Answered
Your Score History
You have not taken this quiz